| 000 | 01716cam a2200457 a 4500 | ||
|---|---|---|---|
| 001 | 20961 | ||
| 003 | VRT | ||
| 005 | 20260207122413.0 | ||
| 008 | 251124s1952 xo 000 d slo | ||
| 015 | _aSNBA19451955-011084 | ||
| 035 | _aSK01SNKBKSFS20020089630 | ||
| 035 | _aurn:nbn:sk:snk-am3i5kx | ||
| 035 | _a232E6551-EE3E-4BE3-929D-BBFA9D215D3E | ||
| 035 | _aurn:nbn:sk:snk-am00dkvp | ||
| 035 | _aSKM000092093 | ||
| 039 | 9 |
_a202511241304 _bVLOAD _c202304032100 _dVLOAD _c202212050958 _dVLOAD _c202205110913 _dVLOAD |
|
| 040 |
_aSNK _bslo _cSNK _eAACR2 |
||
| 041 | 0 | _aslo | |
| 044 |
_axo _cSK |
||
| 080 |
_a885.4-2 _21981 |
||
| 100 | 1 |
_aSmrčok, Ľubomír, _d1919-1970 _4aut |
|
| 245 | 1 | 0 |
_aKnieža Rastic _bdráma v troch dejstvách (štyroch obrazoch) _cĽubomír Smrčok |
| 250 | _a1. vyd. | ||
| 260 |
_aMartin _bMatica slovenská _c1952 _eMartin _fStredoslovenské tlačiarne |
||
| 300 |
_a110, [1] s. _c8° |
||
| 366 | _e3300 výtl. | ||
| 490 | 1 |
_aSlovenské divadlo _vsv. 11 |
|
| 504 | _aSlovník menej známych slov, s. 107-108. Soznam kníh na štúdium doby, s. 108 | ||
| 655 | 7 |
_aslovenské drámy _2SNKPH |
|
| 700 | 1 |
_aTvarožek, Eduard Vladimír, _d1920-1999 _4red |
|
| 830 | 0 | _aSlovenské divadlo | |
| 942 |
_2ddc _cKLDO _n0 |
||
| 949 |
_6270001000620216 _asvkbbS 45696 _bsvkbbm 40378 |
||
| 949 |
_6273K0351959 _asvkpoA 58556 _bsvkpo135686 |
||
| 949 |
_62889747415 _asavukM 9862 |
||
| 949 |
_617A0350734 _asnkSD 6707/11 D1 _bsnkD 1795/60 |
||
| 949 |
_617A0629350 _asnkSD 6707/11 D2 _bsnkD 1374/62 |
||
| 949 |
_617A0912647 _asnkSD 6707/11 _bsnk3556/52 _osnkI. 356/52 - druhé ev. číslo _s6100:20190510 |
||
| 949 |
_62889310308 _asavukA 6533 _oPv 15342 |
||
| 999 |
_c20961 _d20961 |
||